Virtuálne vzdelávanie aktívnych učiteľov školská mediácia on-line

Nástroje na pozdvihnutie kultúry a procesy v organizácii školy. Formy pomoci s využitím informačno-komunikačnej techniky, tak aby priestorom pre vzájomné zdieľanie a vzdelávanie mohlo byť pohodlie domova.

Salvato in:
Dettagli Bibliografici
Autore principale: Stančík, Andrej
Natura: Capitolo di libro
Lingua:slovacco
Soggetti:
Tags: Aggiungi Tag
Nessun Tag, puoi essere il primo ad aggiungerne!!

MARC

LEADER 00000naa a2200000 4500
001 0151456
005 20231127102611.9
041 0 |a slo 
044 |a SK 
245 1 0 |a Virtuálne vzdelávanie aktívnych učiteľov  |b školská mediácia on-line  |c Andrej Stančík 
520 |a Nástroje na pozdvihnutie kultúry a procesy v organizácii školy. Formy pomoci s využitím informačno-komunikačnej techniky, tak aby priestorom pre vzájomné zdieľanie a vzdelávanie mohlo byť pohodlie domova. 
610 2 0 |a školstvo 
610 2 0 |a manažment 
610 2 0 |a školy 
610 2 0 |a metodika 
610 2 0 |a mediácia 
610 2 0 |a vzdelávanie 
610 2 0 |a učitelia 
610 2 0 |a technológie informačné 
610 2 0 |a technológie komunikačné 
610 2 0 |a projekty 
100 1 |a Stančík, Andrej